حاشية الشهاب المسماة عناية القاضي و كفاية الراضي على تفسير البيضاوي/ (رقم التسجيلة. 1216)
[ عرض عادي ]
| 000 -الفاتح | |
|---|---|
| حقل البيانات ثابتة الطول | 00812cam a2200217n 44500 |
| 003 - محدد رقم الضبط | |
| رقم الضبط | OSt |
| 005 - وقت وتاريخ اخر تعامل مع التسجيلة | |
| رقم الضبط | 20150408113726.0 |
| 008 - عناصر البيانات ثابتة الطول - معلومات عامة | |
| حقل البيانات ثابتة الطول | 030308s le 00 0 00100ara d |
| 040 ## - مصدر الفهرسة | |
| وكالة الفهرسة الأصلية | mu |
| لغة الفهرسة | ara |
| وكالة النسخ | mb |
| 041 ## - رمز اللغة | |
| رمز لغة النص/ المسارات الصوتية أو العنوان الانفرادي | عربي |
| 072 ## - رمز الفئه الموضوعية | |
| رمز فئه الموضوع | 025 |
| مجموعة رمز فئه الموضوع | القرآن الكريم وعلومه ومباحثه |
| 082 04 - رقم تصنيف ديوى العشرى | |
| رقم التصنيف | 227.3 |
| 092 ## - رقم استدعاء ديوى المحلى | |
| رقم التصنيف | 227.3 |
| رقم المادة | خ ش ح |
| 100 1# - المدخل الرئيسى - إسم شخصى | |
| الإسم الشخصى | الخفاجي , شهاب الدين احمد بن محمد بن عمر المصري الحنفي |
| التواريخ المصاحبة للاسم | ( 977 - 1069هـ) |
| 9 (RLIN) | 980 |
| 245 10 - بيان العنوان | |
| العنوان | حاشية الشهاب المسماة عناية القاضي و كفاية الراضي على تفسير البيضاوي/ |
| بيان المسئوليه,etc | للشهاب الخفاجي |
| 257 ## - بلد الوحدة المنتجة للافلام الارشيفية | |
| بلد وحدة الإنتاج | لبنان |
| 260 ## - PUBLICATION, DISTRIBUTION, ETC. (IMPRINT) | |
| مكان الناشر او الموزع | بيروت: |
| اسم الناشر او الموزع | دار صادر |
| تاريخ النشر أو التوزيع | 19-؟ |
| 300 ## - الوصف المادى | |
| التعداد | مج؛ |
| أبعاد الوعاء | 32سم |
| 650 04 - المدخل الاضافى بالموضوع-مصطلح موضوعى | |
| مصطلح موضوعي أو اسم جغرافي كعنصر مدخل | القرآن |
| التقسيم الفرعي العام | تفسير |
| 9 (RLIN) | 500 |
| 942 ## - عناصر المدخل الإضافي( كوها) | |
| مصدر التصنيف او مخطط الترفيف | Dewey Decimal Classification |
| Koha [default] item type | كتاب |
| حالة الفقد | نموذج السعر الفعال | حالة تلف | ليس للاعارة | رقم الطلب | تاريخ الاكتساب | الموقع الحالي | الباركود | الفرع الرئيسي | Date last seen | نوع المادة فى نظام كوها | مصدر التصنيف او خطة الترفيف | Total Checkouts |
|---|---|---|---|---|---|---|---|---|---|---|---|---|
| 2013-03-10 | 227.3 ج1خ ش ح | 2011-07-14 | مكتبة مجمع الطالبات بالمجمعة (EMF) | 00023133 | مكتبة مجمع الطالبات بالمجمعة (EMF) | 2013-03-10 | كتاب | Dewey Decimal Classification |
